000 00708nam a2200217 i 4500
001 143893
003 ES-MaACL
005 20250716062534.0
007 t|
008 070214s1931 fr r ||||1| fre d
100 1 _aShakespeare, William,
_d1564-1616
_9105992
245 1 3 _aLe marchand de Venise /
_cWilliam Shakespeare ; traduction de Mme. Lebrun-Sudry.
260 _aParis :
_bSocieté de Belles Lettres,
_c1931 (
_eAnvers [Bélgica] :
_fFlor Burton)
300 _aXXI, 212 p. ;
_c15 cm.
490 1 _aCollection Shakespeare
500 _aEdición bilungüe.
700 1 _aLebrun-Sudry, B.
_971041
830 0 _aCollection Shakespeare
_9187299
852 _aES-MaACL
_jA-2587
999 _c143893
_d143893